Diseñar los espesores de la estructura de pavimento semi-rígido de 1300 ml en los sectores 15 y 18 de la ciudad de Somoto, departamento de Madriz, empleando el método de la AASHTO 93

El presente estudio de carácter descriptivo, comprende la información y los criterios necesarios para el diseño de la estructura de pavimento flexible aplicando el método A.A.S.H.T.O. versión 1993 para la realización del proyecto Diseñar los espesores de la estructura de pavimento semi-rígid...

Full description

Bibliographic Details
Main Author: Gómez, Alina María
Other Authors: Tutor: Rodríguez Mocada, Edson
Format: Tesis Section = Libro
Language:Undetermined
Spanish
Published: Managua UNI 2013
Subjects:
LEADER 01296nam a2200253Ia 4500
008 240830s9999 xx 000 0 und d
040 |a BIBLIOTECA-RUPAP T.Mon 625.85 G633 
041 |a spa 
082 |a T.Mon 625.85 G633 
100 1 |a Gómez, Alina María 
245 1 0 |a Diseñar los espesores de la estructura de pavimento semi-rígido de 1300 ml en los sectores 15 y 18 de la ciudad de Somoto, departamento de Madriz, empleando el método de la AASHTO 93 
260 |a Managua  |b UNI  |c 2013 
300 |a 118 p. :il. 
500 |a Contiene: anexos. 
502 |a Tesis (Ingeniero Civil)- UNI, 2013. 
520 3 |a El presente estudio de carácter descriptivo, comprende la información y los criterios necesarios para el diseño de la estructura de pavimento flexible aplicando el método A.A.S.H.T.O. versión 1993 para la realización del proyecto Diseñar los espesores de la estructura de pavimento semi-rígido de 1300 ml en los sectores 15 y 18 de la ciudad de Somoto, departamento de Madriz, empleando el método de la AASTHO 93. 
650 7 |a PAVIMENTOS 
650 7 |b PAVIMENTOS RIGIDOS 
650 7 |c PAVIMENTOS FLEXIBLES 
650 7 |e CARRETERAS-MANTENIMIENTO Y REPARACION 
700 1 |a Tutor:  |b Rodríguez Mocada, Edson 
942 |c BK  |2 ddc 
991 |a TESIS 
999 |c 18332